000 00681cam a2200241 a 4500
001 000016242
005 20200929164332.0
008 900104s1988 sp 000 f spa d
020 _a8432205826
040 _aDO-SdBNP
_cDLC
_dDLC
082 _a863.6
_bC392cr
100 1 _aCela, Camilo José,
_d1916-2002.
_93188
245 1 0 _aCristo versus Arizona /
_cCamilo José Cela.
260 _aBarcelona :
_bSeix Barral,
_cc1988.
300 _a238 p. ;
_c21 cm.
490 1 _aBiblioteca breve
650 4 _aNovela española
_91123
650 4 _aLiteratura española
_9632
830 0 _aBiblioteca breve
_913442
910 _aCatalogación derivada
910 _aWM
049 _aBNGR
999 _c15779
_d15779